| 000 | 00724cam a2200145 4500500 | ||
|---|---|---|---|
| 005 | 20251228053358.0 | ||
| 041 | _afre | ||
| 042 | _adc | ||
| 100 | 1 | 0 |
_aLajoye, Patrice _eauthor |
| 245 | 0 | 0 | _aVincent Juhel, (éd.), Arcisse de Caumont (1801-1873). Érudit normand et fondateur de l’archéologie française, Caen, Société des Antiquaires de Normandie, « Mémoires de la Société des Antiquaires de Normandie, xl », 2004, 515 p., 35 €, isbn 295105582x |
| 260 | _c2005. | ||
| 500 | _a14 | ||
| 786 | 0 | _nHistoire & Sociétés Rurales | 24 | 2 | 2005-10-01 | p. 171zd-276zd | 1254-728X | |
| 856 | 4 | 1 | _uhttps://shs.cairn.info/revue-histoire-et-societes-rurales-2005-2-page-171zd?lang=fr&redirect-ssocas=7080 |
| 999 |
_c1585299 _d1585299 |
||